Mascaró : el cazador americano /

Guardado en:
Autor Principal: Conti, Haroldo
Formato: Libro
Publicado: Buenos Aires : Nueva Imagen, 1984
Materias:
Etiquetas: Agregar Etiqueta
Sin Etiquetas, Sea el primero en etiquetar este registro!
LEADER 00538nam a22001935a 4500
001 CEM.cems008780
005 20060214000000.0
008 130507s1984##################000#0#####d
003 CEMS
082 0 4 |a A863.4 
100 1 |a Conti, Haroldo 
245 1 0 |a Mascaró :  |b el cazador americano / 
260 |a Buenos Aires :  |b Nueva Imagen,  |c 1984 
300 |a 251 p. 
653 |a Literatura 
653 |a Literatura argentina 
653 |a Novela argentina-siglo 20 
653 |a Novelas 
859 |a CEMS  |b BIB. CEMS - 11 de abril  |h A863.4  |i C767  |p 18273.95  |t Ej.1